En Nuestra América: Aportes a la historia de la cultura y de la educación

שמור ב:
מידע ביבליוגרפי
מחברים אחרים: Herrera, Cortes, Martha Cecilia, Vargas Guillen, German (Editor)
פורמט: ספר
שפה:English
יצא לאור: Bogotá: Imprenta Nacional de Colombia, 1993.
נושאים:
גישה מקוונת:Enlace del recurso
תגים: הוספת תג
אין תגיות, היה/י הראשונ/ה לתייג את הרשומה!

MARC

LEADER 00000nam a22000007a 4500
003 OSt
005 20160911200252.0
008 160805b xxu||||| |||| 00| 0 eng d
040 |c CO-BoIIE 
082 |a 370.8  |b N96 
245 1 3 |a En Nuestra América:  |b Aportes a la historia de la cultura y de la educación   |c Martha Cecilia Herrera Cortés, German Vargas Guillen [Editores]. 
260 |a Bogotá:  |b Imprenta Nacional de Colombia,  |c 1993. 
300 |a 131 p. 
610 |2 Universidad Pedagógica Nacional 
650 0 |a Cultura.  |z América Latina  |9 2242 
650 1 0 |a Historia de la educación  |z América Latina  |9 2243 
700 1 |9 559  |a Herrera, Cortes, Martha Cecilia 
700 1 |9 558  |a Vargas Guillen, German  |e Editor 
942 |2 ddc  |c BK 
999 |c 5140  |d 5140 
856 |u https://catalogo.idep.edu.co/cgi-bin/koha/opac-detail.pl?biblionumber=5140  |z Enlace del recurso